Лінгвопрагматичні особливості ток-шоу як жанру телевізійного дискурсу (на прикладі "The Ellen DeGeners Show" (USA), "The Graham Norton Show" (Great Britain), "The Marilyn Denis Show" (Canada),...) (Запис № 285768)

МАРК-запис
000 -LEADER
fixed length control field 02051nam a22001577a 4500
041 ## - LANGUAGE CODE
Language code of text/sound track or separate title ukr
080 ## - UNIVERSAL DECIMAL CLASSIFICATION NUMBER
Universal Decimal Classification number 09
090 ## - LOCALLY ASSIGNED LC-TYPE CALL NUMBER (OCLC); LOCAL CALL NUMBER (OCLC)
Local cutter number (OCLC) ; Book number/undivided call number, CALL (RLIN) ХАЛ
100 ## - MAIN ENTRY--PERSONAL NAME
Personal name Халаменда, О. Б.
245 ## - TITLE STATEMENT
Title Лінгвопрагматичні особливості ток-шоу як жанру телевізійного дискурсу (на прикладі "The Ellen DeGeners Show" (USA), "The Graham Norton Show" (Great Britain), "The Marilyn Denis Show" (Canada),...)
260 ## - PUBLICATION, DISTRIBUTION, ETC. (IMPRINT)
Place of publication, distribution, etc Острог
Name of publisher, distributor, etc КАФ
Date of publication, distribution, etc 2017
300 ## - PHYSICAL DESCRIPTION
Extent 80
520 ## - SUMMARY, ETC.
Summary, etc Вступ.<br/>Розділ І. Культура мовлення як елемент ток-шоу.<br/>1.1. Визначення мовознавства, мови і мовлення як важливої складової спілкування<br/>1.2. Комунікативна лінгвістика та прагматика<br/>1.3. Комунікативні стратегії і тактики мовленнєвої поведінки<br/>1.4. Основні засади дискурсу<br/>1.5. Загальні характеристики ток-шоу<br/>1.6. Особливості поведінки і мовлення англомовних ведучих<br/>Розділ ІІ. Лінгвопрагматичні особливості мовленнєвої поведінки ведучих англомовних ток-шоу.<br/>2.1. Особливості мовленнєвої поведінки Ellen DeGeneres в "The Ellen DeGeneres Show" (USA)<br/>2.2. Репрезентація мовленнєвої поведінки Graham Norton в "The Graham Norton Show" (Great Britain)<br/>2.3. Особливості мовлення Marylin Denis в "The Marylin Denis Show" (Canada)<br/>2.4. Мовленнєва поведінка та її особливості у ведучого Rove McManus в ток-шоу "Rove LA" (Australia)<br/>Висновки.<br/>Список використаних джерел.
-- дискурс, ток-шоу, лінгвістика, прагматика
650 ## - SUBJECT ADDED ENTRY--TOPICAL TERM
Topical term or geographic name as entry element Research Papers
942 ## - ADDED ENTRY ELEMENTS (KOHA)
Koha item type Книги
Фонди
Withdrawn status Lost status Source of classification or shelving scheme Damaged status Not for loan Home library Current library Date acquired Source of acquisition Cost, normal purchase price Total Checkouts Full call number Barcode Date last seen Price effective from Koha item type
    Universal Decimal Classification     ВІЛ - Відділ іноземн. літератури НБ ВІЛ - Відділ іноземн. літератури НБ 17/02/2017 Акт №01/17 1.00   09 215888 10/11/2021 17/02/2017 Книги